| 000 | 00749nam a2200229 u 4500 | ||
|---|---|---|---|
| 005 | 20240509064230.0 | ||
| 008 | 100205s2007 ag r 000 0 spa d | ||
| 020 | _a9789508085276 | ||
| 035 | _aUPN01000174457 | ||
| 049 | _aCG | ||
| 050 | 4 |
_aLB1731 _bG3.36 |
|
| 100 | 1 |
_aGarcía de Ceretto, Josefa J. _935112 |
|
| 245 | 1 | 3 |
_aEl conocimiento y el curriculum en la escuela : _bel reto de la complejidad / _cJosefa García de Ceretto. |
| 260 |
_aRosario, Arg. : _bHomo Sapiens, _cc2007. |
||
| 300 | _a146 p. | ||
| 440 | 0 | _aEducación | |
| 650 | 4 |
_aMaestros en servicio, Formación de _9390 |
|
| 650 | 4 |
_aTeoría del conocimiento _91707 |
|
| 650 | 2 |
_aAntropología educacional _94781 |
|
| 650 | 2 |
_aComplejidad (Filosofía) _99823 |
|
| 905 | _aLibro | ||
| 999 |
_c146561 _d146561 |
||